Vplyv technologického a inovačného pokroku na ekonomický rast SR a jeho konkurenciechopnosť diplomová práca

Saved in:
Bibliographic Details
Main Author: Fašungová, Jana
Corporate Author: Národohospodárska fakulta EU. Katedra hospodárskej politiky
Other Authors: Melišek, František
Format: Book
Language:Slovak
Published: Bratislava 2008
Tags: Add Tag
No Tags, Be the first to tag this record!

MARC

LEADER 00000nam$a2200000$$$4500
001 0077609
005 20240201120716.7
041 0 |a slo 
044 |a SK 
245 1 0 |a Vplyv technologického a inovačného pokroku na ekonomický rast SR a jeho konkurenciechopnosť  |b diplomová práca  |c Jana Fašungová ; škol. František Melišek 
264 1 |a Bratislava  |c 2008 
300 |a 94 s. 
100 1 |a Fašungová, Jana 
700 1 |a Melišek, František 
710 2 |a Národohospodárska fakulta EU. Katedra hospodárskej politiky